00366nam a22001217a 4500999001700000082001300017100003600030245002200066260004300088300000800131942000700139952009800146 c64974d64971 a297aKHA aAga KhanaAga KhanaDr.ZAKI ALI aGLIMPSES OF ISLAM aLahorebKashmiri Bazar Lahore Pakistan a83p cBK 001040708REFaREFbREFd2019-07-03l0o297 (Shelf - 18B)pR9552r2019-07-03 00:00:00yBK